000 00438pam a2200157a 44500
008 230515b1992 xxu||||| |||| 00| 0 eng d
020 _a0-19-824279-4
041 _aENGL
082 _aNULL
100 _a"BHARGAVA RAJEEV.,"
245 _aINDIVIDUALISM IN SOCIAL SCIENCE
250 _a0
260 _aOXFORD
_bCLARENDON PRESS
_c1992
300 _aVIII+271
650 _a"SOCIAL SCIENCE,RESEARCH METHODOLOGY,INDIVIDUALISM SOCIAL SCIENCE"
999 _c539414
_d539414